Combined cooling, heating, and power systems : (Record no. 601315)

000 -LEADER
fixed length control field 00286nam a2200109Ia 4500
008 - FIXED-LENGTH DATA ELEMENTS--GENERAL INFORMATION
fixed length control field 230907s9999||||xx |||||||||||||| ||und||
082 ## - DEWEY DECIMAL CLASSIFICATION NUMBER
Classification number 621.199
Author Mark SHI
100 ## - MAIN ENTRY--PERSONAL NAME
Personal name Shi, Yang,
9 (RLIN) 115686
245 #0 - TITLE STATEMENT
Title Combined cooling, heating, and power systems :
300 ## - PHYSICAL DESCRIPTION
Extent xxxiv, 161 p.
942 ## - ADDED ENTRY ELEMENTS (KOHA)
Koha item type Book
Holdings
Withdrawn status Lost status Damaged status Not for loan Permanent Location Current Location Date acquired Total Checkouts Full call number Barcode Date last seen Price effective from Koha item type
        US-Pakistan Center for Advanced Studies in Energy (USPCAS-E) US-Pakistan Center for Advanced Studies in Energy (USPCAS-E) 11/28/2019   621.199 SHI CAS-E0005414 09/12/2023 09/12/2023 Book
© 2023 Central Library, National University of Sciences and Technology. All Rights Reserved.